| 000 | 00419nam a2200133Ia 4500 | ||
|---|---|---|---|
| 008 | 191206s9999 xx 000 0 und d | ||
| 020 | _a9781779220691 (Weave | ||
| 090 | _aPL8014Z55M28 | ||
| 245 | 0 | _aManning the nation: father figures in Zimbabwean literature and society | |
| 260 | _aWeaver Press | ||
| 260 | _cc2007 | ||
| 300 | _a"xxiii, 200 p. ; 20 cm." | ||
| 999 |
_c16435 _d16435 |
||